000 00560nam a2200205Ii 4500
003 JO-AjNU
008 230606s9999||||xx |||||||||||||| ||und||
040 _aJO-AjNU
_beng
_erda
_cJO-AjNU
041 _aeng
050 1 4 _aPZE653 1976
100 3 _aErdman, paul,
_eauthor
_92923
245 0 4 _aThe Crash of 79
250 _a1 ed
264 3 1 _aLondon:Secker, 1976
300 _a350p
336 _atext
_btxt
_2rdacontent
337 _aunmediated
_bn
_2rdamedia
338 _avolume
_bnc
_2rdacarrier
650 4 _aAgriculture -- Jordan -- Bibliography. 
_92924
999 _aE1532
_c1532
_d1532